000 00439nam a22001217a 4500
999 _c10209
_d10209
003 OSt
008 201218b ||||| |||| 00| 0 eng d
245 _aIEEMA Journal
250 _a2014(Jan Vol.5 No.5, Feb Vol.5 No.6, Mar Vol.5 No.7, Apr Vol.5 No.8, May Vol.5 No.9, Jun Vol.5 No.10)
260 _aMumbai
_bIndian Electrical and Electronics Manufacturers Association
650 _aElectronics and Communication Engineering
942 _2ddc
_cBV